000 01163nam0a22002891 4500
001 v19\rc\1902769
005 20251118180524.6
035 _a(NLR Aleph) 004992767
090 _a6303737
_c6303737
100 _a20080404d1911 u y0rusy50 ca
101 1 _arus
_bger
_cdan
102 _aRU
105 _aa z |||||
200 1 _aКраткое руководство по эмбриологии
_fПроф. Л. Михаэлис
_gПер. с 4 нем. изд. с доп. и под ред. А.Г. Гурвича, проф. СПБ., высш. жен. курсов
210 _aКиев
_aПетербург
_cСотрудник
_d1911
_eКиев
215 _aVIII, 189 с., 73 ил.
_d18
700 1 _aМихаэлис
_bЛ.
_f1875-1949
_gЛеонор
702 1 _4340
_7ca
_8rus
_aГурвич
_bА. Г.
_cбиолог, д-р медицины
_f1874-1954
_gАлександр Гаврилович
_9227027
_3RU\NLR\AUTH\770227083
801 0 _aRU
_bNLR
_gpsbo
801 0 _aRU
_bRuMoRGB
_2psbo
801 1 _aRU
_bProSoft-M
_2rusmarc
852 _aNLR
_j37.33.9.13
899 _aRuMoRGB
_jU 82/489
899 _aRuMoRGB
_jU 178/1393
899 _aБАН
942 _cBOOK
980 _aNB